महान् पुरुषों की वाणी (Record no. 33916)

MARC details
000 -LEADER
fixed length control field 00628nam a22001697a 4500
005 - DATE AND TIME OF LATEST TRANSACTION
control field 20100211150454.0
008 - FIXED-LENGTH DATA ELEMENTS--GENERAL INFORMATION
fixed length control field 100209t xxu||||| |||| 00| 0 hin d
020 ## - INTERNATIONAL STANDARD BOOK NUMBER
Terms of availability 160.00
International Standard Book Number 9788190955645
037 ## - SOURCE OF ACQUISITION
Stock number
Source of stock number/acquisition शिव बुक हाउस
040 ## - CATALOGING SOURCE
Original cataloging agency dpl
Language of cataloging Hindi
245 ## - TITLE STATEMENT
Title महान् पुरुषों की वाणी
260 ## - PUBLICATION, DISTRIBUTION, ETC. (IMPRINT)
Place of publication, distribution, etc जयपुर
Name of publisher, distributor, etc शिव बुक हाउस
Date of publication, distribution, etc 2009-10
270 ## - ADDRESS
Address 154, चौड़ा रास्ता
City जयपुर
Postal code 302003
300 ## - PHYSICAL DESCRIPTION
Extent 111पृ.
Dimensions 23सेमी.(सजिल्द)
500 ## - GENERAL NOTE
General note संकलन
942 ## - ADDED ENTRY ELEMENTS (KOHA)
Source of classification or shelving scheme Dewey Decimal Classification
Item type Hindi Books
Call number suffix महान्

No items available.


© Delhi Public Library
Hit Counter
free hit counter